000 00437nam a2200181Ia 4500
001 21157
005 20260306172858.0
008 260306t2019||||xx |||||||||||||| ||spa||
041 _aESP
082 _a344.2
_bLL733
100 _aLledó Benito, Ignacio
_eAUT
245 0 _aFormas específicas de criminalidad
260 _c2019
300 _a178 páginas :
_c24 cm.
650 _aGEN
654 _aCDE
942 _cLIB
_dJUS
_fJUS
_2ddc
_n
999 _c21157
_d21157